| 000 | 00866cam a2200253 a 4500 | ||
|---|---|---|---|
| 001 | 2505603 | ||
| 005 | 20130219135223.0 | ||
| 008 | 920914s1993 cauab b 001 0 eng | ||
| 020 | _a0803950365 (cl.) | ||
| 020 | _a0803950373 (pb.) | ||
| 020 | _a9780803950375 | ||
| 082 | 0 | 0 |
_a300.72 _222 _bSTE |
| 100 | 1 |
_aStewart, David W. _932654 |
|
| 245 | 1 | 0 |
_aSecondary Research : _bInformation Sources and Methods / _cDavid W. Stewart, Michael A. Kamins. |
| 250 | _a2nd ed. | ||
| 260 |
_aNewbury Park : _bSage Publications, _cc1993. |
||
| 300 |
_ax, 158 p. : _bill., map ; _c23 cm. |
||
| 440 | 0 |
_aApplied social research methods series ; _vv. 4 _932655 |
|
| 504 | _aIncludes bibliographical references (p. 139-150) and indexes. | ||
| 650 | 0 |
_aSocial sciences _xResearch. _932656 |
|
| 653 |
_bBus _cFebruary2013 |
||
| 700 | 1 |
_aKamins, Michael A. _932657 |
|
| 942 |
_2ddc _cBB |
||
| 999 |
_c17307 _d17279 |
||